[Event "Sao Jose dos Campos op"]
[Site "Sao Jose dos Campos"]
[Date "2021.10.11"]
[Round "4"]
[White "Tsuchie, Pedro Pinheiro"]
[Black "De Oliveira, Francisco E Saraiva"]
[Result "1-0"]
[WhiteElo "1590"]
[BlackElo "1437"]
[PlyCount "77"]
[EventDate "2021.10.09"]
[EventType "swiss"]
[EventRounds "7"]
[EventCountry "BRA"]
[SourceTitle "CBM 204 Extra"]
[Source "ChessBase"]
[SourceDate "2021.11.30"]
[SourceVersion "1"]
[SourceVersionDate "2021.11.30"]
[SourceQuality "1"]

1. e4 e6 2. d4 d5 3. Nd2 dxe4 4. Nxe4 Nd7 5. c3 Ngf6 6. Nxf6+ Nxf6 7. Bf4 c5 8. dxc5 Bxc5 9. Qxd8+ Kxd8 10. 0-0-0+ Bd7 11. f3 Be7 12. Nh3 h6 13. Nf2 Nd5 14. Bd2 Bc5 15. Nd3 Bd6 16. c4 Nb6 17. Bc3 f6 18. c5 Bxc5 19. Nxc5 Rc8 20. Nxe6+ Ke7 21. Nf4 Bf5 22. Bd3 Bxd3 23. Rxd3 Kf7 24. Re1 Rhe8 25. Rde3 Nc4 26. Rxe8 Rxe8 27. Rxe8 Kxe8 28. Kc2 Ne3+ 29. Kd3 Nf5 30. Ke4 Nd6+ 31. Kd5 Kd7 32. Nh5 Nf5 33. g4 Ne7+ 34. Ke4 Ke6 35. Nxg7+ Kf7 36. Nf5 Ng8 37. h4 Kg6 38. h5+ Kf7 39. Bd2 1-0

[Event "Sao Jose dos Campos op"]
[Site "Sao Jose dos Campos"]
[Date "2021.10.10"]
[Round "3"]
[White "Mobaier, Sergio"]
[Black "Tsuchie, Pedro Pinheiro"]
[Result "1-0"]
[WhiteElo "1864"]
[BlackElo "1590"]
[PlyCount "125"]
[EventDate "2021.10.09"]
[EventType "swiss"]
[EventRounds "7"]
[EventCountry "BRA"]
[SourceTitle "CBM 204 Extra"]
[Source "ChessBase"]
[SourceDate "2021.11.30"]
[SourceVersion "1"]
[SourceVersionDate "2021.11.30"]
[SourceQuality "1"]

1. d4 d5 2. Nf3 Nf6 3. Bf4 e6 4. e3 Bd6 5. Bg3 0-0 6. Nbd2 b6 7. Bd3 c5 8. c3 Bb7 9. Ne5 Nc6 10. f4 Ne7 11. Bh4 Ne4 12. 0-0 f6 13. Nef3 Nf5 14. Bf2 cxd4 15. Nxd4 Qe7 16. Nxe4 dxe4 17. Bc4 Nxd4 18. cxd4 Rac8 19. Qb3 Rfe8 20. f5 Bxh2+ 21. Kh1 Rxc4 22. Qxc4 Bd5 23. Qe2 Bb8 24. Qg4 exf5 25. Qxf5 Qd6 26. Bg1 Be6 27. Qh5 Rd8 28. Bh2 Qf8 29. Bxb8 Rxb8 30. Qh4 Qf7 31. b3 Rd8 32. Rac1 h6 33. Kg1 Qg6 34. Rc6 Bf7 35. Qf4 Rd5 36. Rc8+ Kh7 37. Qb8 Qg5 38. Rh8+ Kg6 39. Qf4 Qxf4 40. Rxf4 Ra5 41. Rf2 Kg5 42. Rc8 g6 43. Rc7 Bd5 44. Rd2 Kf5 45. Re7 Kg5 46. Kf2 Kf5 47. Kg3 Kg5 48. Rd7 Be6 49. Rd6 Bd5 50. Rf2 f5 51. Rc2 h5 52. Rf2 Bb7 53. Rd7 Bc6 54. Rc7 Bd5 55. Kh3 Be6 56. Rc6 Bd5 57. Rd6 Bf7 58. g3 Bg8 59. Rc2 Bd5 60. Rc7 Kh6 61. Rdd7 a6 62. Kh4 g5+ 63. Kh3 1-0

[Event "Sao Jose dos Campos op"]
[Site "Sao Jose dos Campos"]
[Date "2021.10.09"]
[Round "1"]
[White "Tsuchie, Pedro Pinheiro"]
[Black "Luz, Arthur Nader"]
[Result "0-1"]
[WhiteElo "1590"]
[BlackElo "2149"]
[PlyCount "103"]
[EventDate "2021.10.09"]
[EventType "swiss"]
[EventRounds "7"]
[EventCountry "BRA"]
[SourceTitle "CBM 204 Extra"]
[Source "ChessBase"]
[SourceDate "2021.11.30"]
[SourceVersion "1"]
[SourceVersionDate "2021.11.30"]
[SourceQuality "1"]

1. e4 c5 2. Nf3 d6 3. d4 cxd4 4. Nxd4 Nf6 5. Nc3 g6 6. Be3 Bg7 7. f3 0-0 8. Qd2 Nc6 9. 0-0-0 Nxd4 10. Bxd4 Be6 11. Kb1 Qc7 12. h4 Rfc8 13. g4 Qa5 14. Nd5 Qxd2 15. Nxf6+ Bxf6 16. Rxd2 Bxd4 17. Rxd4 Rc5 18. g5 Rac8 19. c3 b5 20. Bh3 Bxh3 21. Rxh3 e5 22. Rd1 Kf8 23. f4 Rc4 24. fxe5 dxe5 25. Re3 Ke7 26. Rd5 R8c5 27. Rxc5 Rxc5 28. Kc2 Rc6 29. b3 Ra6 30. Kb2 Rd6 31. Kc2 f6 32. Rd3 Ra6 33. Kb2 f5 34. c4 bxc4 35. bxc4 Ke6 36. exf5+ gxf5 37. h5 e4 38. Rd8 f4 39. g6 hxg6 40. h6 Rb6+ 41. Kc3 Rb7 42. c5 Rc7 43. Kd4 e3 44. c6 Kf6 45. Kd5 Re7 46. Rd7 Re8 47. c7 e2 48. Rd6+ Kg5 49. Re6 Rxe6 50. c8Q e1Q 51. h7 Qe4+ 52. Kc5 0-1

[Event "Osasco Terzian Memorial"]
[Site "Osasco"]
[Date "2019.12.07"]
[Round "4"]
[White "Aragao Neto, Joao Batista"]
[Black "Tsuchie, Pedro Pinheiro"]
[Result "1/2-1/2"]
[WhiteElo "1735"]
[BlackElo "1451"]
[PlyCount "49"]
[EventDate "2019.12.06"]
[EventType "swiss"]
[EventRounds "6"]
[EventCountry "BRA"]
[SourceTitle "CBM 193 Extra"]
[Source "ChessBase"]
[SourceDate "2020.01.31"]
[SourceVersion "1"]
[SourceVersionDate "2020.01.31"]
[SourceQuality "1"]

1. e4 e6 2. d3 d5 3. Nd2 Nf6 4. Ngf3 c5 5. g3 Nc6 6. Bg2 Be7 7. 0-0 0-0 8. Re1 b5 9. exd5 exd5 10. c4 bxc4 11. dxc4 Bb7 12. cxd5 Nb4 13. Nc4 Nbxd5 14. Nfe5 Qc7 15. Bd2 Nb6 16. Qe2 Bxg2 17. Kxg2 Rfe8 18. Qf3 Rad8 19. Rad1 Bf8 20. Nxb6 axb6 21. Bf4 Rxd1 22. Qxd1 Bd6 23. Nd3 Rxe1 24. Qxe1 Bxf4 25. Nxf4 1/2-1/2

[Event "Sao Paulo op-C U1700 8th"]
[Site "Sao Paulo"]
[Date "2019.10.20"]
[Round "6"]
[White "Tsuchie, Pedro Pinheiro"]
[Black "Gomes, Carlos"]
[Result "1-0"]
[WhiteElo "1324"]
[BlackElo "1534"]
[PlyCount "96"]
[EventDate "2019.10.17"]
[EventType "swiss"]
[EventRounds "6"]
[EventCountry "BRA"]
[SourceTitle "CBM 192 Extra"]
[Source "Chessbase"]
[SourceDate "2019.11.06"]
[SourceVersion "1"]
[SourceVersionDate "2019.11.06"]
[SourceQuality "1"]

1. e4 c5 2. Nf3 d6 3. d4 cxd4 4. Qxd4 e5 5. Qd1 Be7 6. Nc3 Nf6 7. Bd3 0-0 8. 0-0 h6 9. Be3 Bg4 10. h3 Bh5 11. g4 Bg6 12. Nh4 Bh7 13. Nf5 Bxf5 14. gxf5 Nbd7 15. Qd2 Kh7 16. f3 a6 17. a4 Qc7 18. Kh1 Nb6 19. Qe2 Rac8 20. Rad1 Rfd8 21. Rg1 Rg8 22. Rg3 Nh5 23. Rg2 Nf6 24. Rdg1 Rcf8 25. f4 Nbd7 26. Nd1 Nc5 27. Bxc5 Qxc5 28. fxe5 dxe5 29. Ne3 Re8 30. Ng4 Nxg4 31. hxg4 Bg5 32. Qf3 Qe3 33. Qxe3 Bxe3 34. Rd1 Rd8 35. Re2 Bf4 36. Ree1 Rd7 37. Bc4 Rgd8 38. Rxd7 Rxd7 39. Bd5 Kg8 40. Rd1 Kf8 41. Rd3 Ke7 42. Rb3 Kf6 43. Kg2 Kg5 44. Kf3 b5 45. axb5 axb5 46. Rxb5 g6 47. c4 h5 48. gxh5 gxh5 1-0

[Event "Hebraica op 26th"]
[Site "Hebraica"]
[Date "2019.01.12"]
[Round "3"]
[White "Nobre, Jose Adalberto Barb"]
[Black "Tsuchie, Pedro Pinheiro"]
[Result "1/2-1/2"]
[WhiteElo "1642"]
[BlackElo "1234"]
[PlyCount "156"]
[EventDate "2019.01.11"]
[EventType "swiss"]
[EventRounds "6"]
[EventCountry "BRA"]
[SourceTitle "EXT 2020"]
[Source "ChessBase"]
[SourceDate "2019.10.17"]
[SourceVersion "1"]
[SourceVersionDate "2019.10.17"]
[SourceQuality "1"]

1. e4 e6 2. d4 d5 3. Nc3 dxe4 4. Nxe4 Bd7 5. Bd3 Bc6 6. Nf3 Nd7 7. Bg5 Be7 8. Qd2 Bxe4 9. Bxe4 Bxg5 10. Nxg5 h6 11. Nf3 c6 12. c3 Qc7 13. 0-0-0 0-0-0 14. Qc2 Ngf6 15. Bd3 Nd5 16. Rhe1 Qf4+ 17. Kb1 Qg4 18. Bf1 Qf5 19. Qxf5 exf5 20. c4 N5f6 21. Ne5 Nxe5 22. dxe5 Ne4 23. f3 Nd2+ 24. Kc2 Nxf1 25. Rxf1 Rhe8 26. f4 Re6 27. Rxd8+ Kxd8 28. Kd3 c5 29. Rf3 Rg6 30. g3 Kc7 31. Kc2 h5 32. Ra3 a6 33. Rd3 h4 34. a3 hxg3 35. hxg3 Rh6 36. b4 cxb4 37. axb4 Rb6 38. Kc3 Rh6 39. c5 Rh3 40. Kc4 Rh1 41. Kd5 Rb1 42. Kc4 Rc1+ 43. Kd5 Rb1 44. Rd4 Rb3 45. e6 fxe6+ 46. Kxe6 Rxg3 47. Kxf5 Re3 48. Kg6 Rg3+ 49. Kf7 Rg4 50. Ke6 Rg6+ 51. Kf5 Rg1 52. Ke5 Re1+ 53. Kd5 Re7 54. Kc4 Re6 55. Kd3 Re7 56. Kc4 Re6 57. Kd5 Re7 58. Re4 Rxe4 59. Kxe4 Kc6 60. Kf5 Kb5 61. Kg6 Kxb4 62. Kxg7 a5 63. c6 bxc6 64. f5 a4 65. f6 a3 66. f7 a2 67. f8Q+ Kb3 68. Qf3+ Kb2 69. Qe2+ Kb1 70. Qe1+ Kb2 71. Qb4+ Kc1 72. Qa3+ Kb1 73. Qb3+ Ka1 74. Kf6 c5 75. Ke5 c4 76. Qxc4 Kb1 77. Qd3+ Kb2 78. Qd2+ Kb1 1/2-1/2

[Event "Sao Paulo U16 3rd"]
[Site "Sao Paulo"]
[Date "2018.06.10"]
[Round "5.4"]
[White "Stridelli, Guilherme Santos"]
[Black "Tsuchie, Pedro Pinheiro"]
[Result "0-1"]
[WhiteElo "1317"]
[BlackElo "1120"]
[PlyCount "102"]
[EventDate "2018.06.09"]
[EventType "swiss"]
[EventRounds "5"]
[EventCountry "BRA"]
[SourceTitle "EXT 2022"]
[Source "ChessBase"]
[SourceDate "2021.10.06"]
[SourceVersion "1"]
[SourceVersionDate "2021.10.06"]
[SourceQuality "1"]

1. d4 Nf6 2. c4 g6 3. Nc3 Bg7 4. e4 d6 5. f3 0-0 6. Be3 Nbd7 7. Qd2 c6 8. 0-0-0 a5 9. g4 e5 10. d5 Qc7 11. h4 Rd8 12. Nge2 Nf8 13. Ng3 cxd5 14. exd5 Bd7 15. b3 a4 16. b4 Rdc8 17. h5 b5 18. c5 Be8 19. c6 Bxc6 20. dxc6 Qxc6 21. Bxb5 Qxb5 22. hxg6 fxg6 23. Qb2 Qc4 24. Bd2 a3 25. Qa1 Qxb4 26. Qb1 Qxb1+ 27. Kxb1 Rab8+ 28. Ka1 Ne6 29. Be1 Nd4 30. Rxd4 exd4 31. Nb1 Nxg4 32. fxg4 d3+ 33. Bc3 Bxc3+ 34. Nxc3 Rxc3 35. Rd1 Rb2 36. Ne4 Rcc2 37. g5 Rxa2+ 38. Kb1 d2 39. Nxd2 Rxd2 40. Rxd2 Rxd2 41. Ka1 Rd1+ 42. Ka2 Kf7 43. Kxa3 Rb1 44. Ka4 Ke6 45. Ka3 Kd5 46. Ka2 Rb4 47. Ka3 Kc4 48. Ka2 Rb3 49. Ka1 Kc3 50. Ka2 Kc2 51. Ka1 Ra3# 0-1